|
003 -Nazwa inst., której nr kontr. jest w polu 001 [,]
|
-
- @
- Nazwa instytucji, której n kontrolny jest w polu 001
- NUKAT
|
|
005 -DATA I CZAS OSTATNIEJ MODYFIKACJI [,]
|
-
- @
- pole kontrolne
- 20250401075317.0
|
|
020 -Międzynarod. znormalizowany nr książki - ISBN [ , ]
|
-
- a
- Numer ISBN
- 9788322790243
|
|
040 -Instytucja sporządzająca opis [ , ]
|
-
- a
- Instytucja, która sporządziła opis (NP)
- KIEL 010/BK
-
- b
- Język katalogowania
- pol
-
- e
- Zasady katalogowania
- rda
-
- c
- Instytucja, która sporządziła rekord (NP)
- KIEL 010/BK
-
- d
- Instytucja, która zmodyfikowała rekord (P)
- KIEL 010/BK
-
- d
- Instytucja, która zmodyfikowała rekord (P)
- POZN U/KGs
-
- d
- Instytucja, która zmodyfikowała rekord (P)
- SZCZ U/ML
|
|
942 -Rodzaj dokumentu [ , ]
|
-
- c
- Rodzaj dokumentu
- Książka
|
|
245 -Strefa tytułu i oznaczenia odpowiedzialności [0,0]
|
-
- a
- Tytuł
- Słownik stereotypów i symboli ludowych.
-
- n
- Oznaczenie części (P)
- T. 2,
-
- p
- Nazwa części (P)
- Rośliny.
-
- n
- Oznaczenie części (P)
- 1,
-
- p
- Nazwa części (P)
- Zboża /
-
- c
- Pozostałe elementy strefy tytułu i oznaczenia odpowiedzialności (NP)
- koncepcja całości i redakcja: Jerzy Bartmiński ; zastępca redaktora: Stanisława Niebrzegowska-Bartmińska ; autorzy haseł Jerzy Bartmiński, Agata Bielak, Anna Kaczan ; współpracownicy Beata Maksymiuk-Pacek, Anna Michalec, Ewa Pacławska, Katarzyna Prorok, Joanna Szadura ; Uniwersytet Marii Curie-Skłodowskiej. Instytut Filologii Polskiej, Polska Akademia Nauk. Instytut Slawistyki.
|
|
246 -Wariant tytułu [3,0]
|
-
-
-
|
|
260 -Strefa adresu wydawniczego [ , ]
|
-
- a
- Miejsce wydania (P)
- Lublin :
-
- b
- Nazwa wydawcy (P)
- Wydawnictwo Uniwersytetu Marii Curie-Skłodowskiej,
-
|
|
700 -Hasło dodatkowe - nazwa osobowa [1, ]
|
-
- a
- Nazwa osobowa (NP)
- Bartmiński, Jerzy
-
- d
- Daty biograficzne (NP)
- (1939-2022).
-
- e
- Określenie rodzaju współpracy
- Redakcja
-
- e
- Określenie rodzaju współpracy
- Autor
-
|
|
700 -Hasło dodatkowe - nazwa osobowa [1, ]
|
-
- a
- Nazwa osobowa (NP)
- Niebrzegowska-Bartmińska, Stanisława
-
- d
- Daty biograficzne (NP)
- (1962- ).
-
- e
- Określenie rodzaju współpracy
- Redakcja
-
|
|
700 -Hasło dodatkowe - nazwa osobowa [1, ]
|
-
- a
- Nazwa osobowa (NP)
- Bielak, Agata
-
- d
- Daty biograficzne (NP)
- (1983- ).
-
- e
- Określenie rodzaju współpracy
- Autor
-
|
|
700 -Hasło dodatkowe - nazwa osobowa [1, ]
|
-
- a
- Nazwa osobowa (NP)
- Kaczan, Anna.
-
- e
- Określenie rodzaju współpracy
- Autor
-
|
|
700 -Hasło dodatkowe - nazwa osobowa [1, ]
|
-
- a
- Nazwa osobowa (NP)
- Maksymiuk-Pacek, Beata.
-
- e
- Określenie rodzaju współpracy
- Autor
-
|
|
700 -Hasło dodatkowe - nazwa osobowa [1, ]
|
-
- a
- Nazwa osobowa (NP)
- Michalec, Anna.
-
- e
- Określenie rodzaju współpracy
- Autor
-
|
|
700 -Hasło dodatkowe - nazwa osobowa [1, ]
|
-
- a
- Nazwa osobowa (NP)
- Pacławska, Ewa.
-
- e
- Określenie rodzaju współpracy
- Autor
-
|
|
700 -Hasło dodatkowe - nazwa osobowa [1, ]
|
-
- a
- Nazwa osobowa (NP)
- Prorok, Katarzyna.
-
- e
- Określenie rodzaju współpracy
- Autor
-
|
|
700 -Hasło dodatkowe - nazwa osobowa [1, ]
|
-
- a
- Nazwa osobowa (NP)
- Szadura, Joanna
-
- d
- Daty biograficzne (NP)
- (1964- ).
-
- e
- Określenie rodzaju współpracy
- Autor
-
|
|
710 -Hasło dodatkowe - nazwa ciała zbiorowego [2, ]
|
-
- a
- Nazwa ciała zbiorowego lub nazwa geograficzna jako pierwszy element (NP)
- Uniwersytet Marii Curie-Skłodowskiej (Lublin).
-
- b
- Nazwa jednostki podrzędnej (P)
- Wydawnictwo.
-
- e
- Rodzaj współpracy
- Wydawca
-
-
|
|
710 -Hasło dodatkowe - nazwa ciała zbiorowego [2, ]
|
-
- a
- Nazwa ciała zbiorowego lub nazwa geograficzna jako pierwszy element (NP)
- Polska Akademia Nauk.
-
- b
- Nazwa jednostki podrzędnej (P)
- Instytut Slawistyki.
-
- e
- Rodzaj współpracy
- Instytucja sprawcza
-
|